ဗုဒ္ဓဒိုင်ယာရီ / (Record no. 16716)

000 -LEADER
fixed length control field 01076nam a2200217Ia 4500
003 - CONTROL NUMBER IDENTIFIER
control field OSt
005 - DATE AND TIME OF LATEST TRANSACTION
control field 20240910105157.0
007 - PHYSICAL DESCRIPTION FIXED FIELD--GENERAL INFORMATION
fixed length control field ca aa aaaaa
008 - FIXED-LENGTH DATA ELEMENTS--GENERAL INFORMATION
fixed length control field 201103s9999 xx 000 0 und d
040 ## - CATALOGING SOURCE
Transcribing agency SSBUL
041 ## - LANGUAGE CODE
Language code of text/sound track or separate title bur
082 ## - DEWEY DECIMAL CLASSIFICATION NUMBER
Edition number 23
Classification number ၂၉၄.၃၆၃
100 ## - MAIN ENTRY--PERSONAL NAME
Personal name ဆတျဘတ္တ၊ ဒရဗာရီလာလ်
9 (RLIN) 17331
245 1# - TITLE STATEMENT
Title ဗုဒ္ဓဒိုင်ယာရီ /
Statement of responsibility, etc. ဒရဗာရီလာလ်ဆတျဘတ္တ၊ ဘာပြန်သူ ပါရဂူ။
250 ## - EDITION STATEMENT
Edition statement ပဥ္စမအကြိမ်။
260 ## - PUBLICATION, DISTRIBUTION, ETC.
Place of publication, distribution, etc. ရန်ကုန် ၊
Name of publisher, distributor, etc. လောကစာပေ၊
Date of publication, distribution, etc. ၁၉၇၄။
300 ## - PHYSICAL DESCRIPTION
Extent ၁၇၆ စာမျက်နှာ ၊
Dimensions ၁၈ စင်တီ
500 ## - GENERAL NOTE
General note ဟိန္ဒီဘာသာဖြင့်ရေးသားထားသည့်ဒရဗာရီလာလ်ဆတျဘတ္တ၏ဗုဒ္ဓဟရိဒယစာအုပ်ကိုမြန်မာပြန်ထားသည်။<br/>S-SAT: Prof. Dr. Sai Aung Tun
650 ## - SUBJECT ADDED ENTRY--TOPICAL TERM
Topical term or geographic name entry element ဗုဒ္ဓ
942 ## - ADDED ENTRY ELEMENTS (KOHA)
Source of classification or shelving scheme
Koha item type Book (Short term)
Holdings
Withdrawn status Lost status Source of classification or shelving scheme Damaged status Not for loan Collection code Permanent Location Current Location Shelving location Date acquired Total Checkouts Total Renewals Full call number Barcode Date last seen Date last checked out Price effective from Koha item type Accession
          Special Collections Shan State Buddhist University Library Shan State Buddhist University Library Special Collection Shelves 15/02/2023 1 2 ၂၉၄.၃၆၃ ဆ ၉၁၆၈ S-SAT MB00009168 03/09/2024 13/08/2024 15/02/2023 Book (Short term) ၉၁၆၈ S-SAT

Library - 09407999929
Admin Office - 09407999979
Dean Office - 09250910768
Registrar Office - 09892297154
Email - [email protected]
Shan State Buddhist University, Phaya Phyu Taunggyi, Shan State, Myanmar.